Resumo de direito constitucional descomplicado / (Record no. 422)

MARC details
000 -LÍDER
Campo Fixo de Controle 00768nam a2200265 a 4500
001 - NÚMERO DE CONTROLE
Campo de Controle 422
003 - IDENTIFICAÇÃO DO NÚMERO DE CONTROLE
Campo de Controle BR-CuiBMT
005 - DATA E HORA DA ÚLTIMA ATUALIZAÇÃO
Campo de Controle 20231106192418.0
008 - DADOS FIXOS
Dados Fixos 231106s2015 spba 000 0 por d
020 ## - INTERNATIONAL STANDARD BOOK NUMBER
Nº do ISBN 9788530963545
040 ## - AGÊNCIA CATALOGADORA
Código da Agência Catalogadora BR-CuiBMT
Agência que transcreveu o registro BR-CuiBMT
080 ## - Nº DA CLASSIFICAÇÃO DECIMAL UNIVERSAL
Nº edição CDU 2007
Nº Class. CDU 342
090 ## - NÚMERO DE CHAMADA
Nº classificação 342
Cutter P331r
Ano/Edição 9. ed.
100 1# - ENTRADA PRINCIPAL -- AUTOR PESSOAL
Nome pessoal Paulo, Vicente
Datas associadas ao nome 1968-
245 10 - TÍTULO PRINCIPAL
Título principal Resumo de direito constitucional descomplicado /
Indicação de responsabilidade Vicente Paulo, Marcelo Alexandrino
250 ## - EDIÇÃO
Edição 9. ed., rev. e atual.
260 ## - PUBLICAÇÃO, DISTRIBUIÇÃO, ETC.
Local de publicação São Paulo :
Editora Método,
Data 2015.
300 ## - DESCRIÇÃO FÍSICA
N. páginas ou volumes 441 p. :
Ilustrações il. color. ;
Dimensões 23 cm
504 ## - NOTA DE BIBLIOGRAFIA, ETC.
Nota de bibliografia Inclui bibliografia.
650 ## - ASSUNTO TÓPICO
Cabeçalho tópico ou nome geográfico Direito constitucional
Subdivisão geográfica Brasil
650 ## - ASSUNTO TÓPICO
Cabeçalho tópico ou nome geográfico Sínteses
650 ## - ASSUNTO TÓPICO
Cabeçalho tópico ou nome geográfico Compêndios
700 1# - ENTRADA SECUNDÁRIA -- NOME PESSOAL
Nome pessoal Alexandrino, Marcelo
942 ## - ELEMENTOS DE ENTRADA ADICIONAIS (KOHA)
Fonte de classificação ou esquema de arquivamento Classificação Decimal Universal
Tipo de item do Koha Livros
Holdings
Estado: removido Estado: perdido Fonte de classificação ou esquema de arquivamento Estado: danificado Indisponível para empréstimo Localização permanente Localização atual Data de aquisição Total Checkouts Número de Chamada completo Código de barras Date last seen Número do exemplar Preço efetivo a partir de Tipo de item (Koha)
    Classificação Decimal Universal     Biblioteca da Escola Superior de Contas do TCE/MT Biblioteca da Escola Superior de Contas do TCE/MT 06/11/2023   342 P331r 9. ed. BIBTCEMT23110155 06/11/2023 Ex. 1 06/11/2023 Livros

Powered by Koha